1954 [i.e. Mil Novecientos Cincuenta y Cuatro] Exhibition of Dutch & Flemish masters (Record no. 4387)

MARC details
000 -CABECERA
campo de control de longitud fija 00827nam a2200229 a 4500
001 - NÚMERO DE CONTROL
campo de control BRCA_4687
005 - FECHA Y HORA DE LA ÚLTIMA TRANSACCIÓN
campo de control 20190320204751.0
008 - DATOS DE LONGITUD FIJA--INFORMACIÓN GENERAL
campo de control de longitud fija 011010s1954----enka######---#000-0#eng-#
041 ## - CÓDIGO DE LENGUA
Código de lengua del texto/banda sonora o título independiente eng
044 ## - CÓDIGO DEL PAÍS DE LA ENTIDAD EDITORA/PRODUCTORA
Código MARC del país enk
050 #4 - SIGNATURA TOPOGRÁFICA DE LA BIBLIOTECA DEL CONGRESO
Número de clasificación ND631
Número de documento/Ítem .M55 1954
245 10 - MENCIÓN DE TÍTULO
Título 1954 [i.e. Mil Novecientos Cincuenta y Cuatro] Exhibition of Dutch & Flemish masters
Resto del título Eugene Slatter.
260 ## - PUBLICACIÓN, DISTRIBUCIÓN, ETC.
Lugar de publicación, distribución, etc. Londres
Fecha de publicación, distribución, etc. 1954
300 ## - DESCRIPCIÓN FÍSICA
Extensión 31 p.
Otras características físicas il., 24 láminas a color
Dimensiones 26 cm.
500 ## - NOTA GENERAL
Nota general Catálogo de la exposición realizada por la Galería Eugene Slatter del 5 mayo-14 julio, 1954 con la ayuda de The Dulwich College Picture Gallery
500 ## - NOTA GENERAL
Nota general D59
650 14 - PUNTO DE ACCESO ADICIONAL DE MATERIA--TÉRMINO DE MATERIA
Término de materia o nombre geográfico como elemento de entrada Pinturas holandesas
Subdivisión de forma Exposiciones
9 (RLIN) 11896
650 14 - PUNTO DE ACCESO ADICIONAL DE MATERIA--TÉRMINO DE MATERIA
Término de materia o nombre geográfico como elemento de entrada Pinturas flamencas
Subdivisión de forma Exposiciones
9 (RLIN) 11897
650 14 - PUNTO DE ACCESO ADICIONAL DE MATERIA--TÉRMINO DE MATERIA
Término de materia o nombre geográfico como elemento de entrada Galerías y museos
Subdivisión geográfica Inglaterra
9 (RLIN) 11898
902 ## - CATALOGADOR
Iniciales GFM
942 ## - ELEMENTOS DE PUNTO DE ACCESO ADICIONAL (KOHA)
Fuente del sistema de clasificación o colocación Library of Congress Classification
Tipo de ítem Koha Libros
Holdings
Estado de retiro Estado de pérdida Estado dañado No para préstamo Localización permanente Ubicación/localización actual Fecha de adquisición Número de inventario Total de préstamos Signatura topográfica completa Código de barras Fecha visto por última vez Precio válido a partir de Tipo de ítem Koha
El ejemplar forma parte de la colección y puede ser consultado según las políticas vigentes.       Biblioteca del Museo Franz Mayer (Rogerio Casas-Alatriste) Biblioteca del Museo Franz Mayer (Rogerio Casas-Alatriste) 01/10/2010 D59   ND631 .M55 1954 (D59) 4698 22/03/2019 22/03/2019 Libros